000 00726cam a22002533a 4500
001 39525
003 PGUSA
005 20140828083858.0
008 120423s2012||||xxu|||||s|||||000 | eng d
040 _aPGUSA
_beng
042 _adc
100 1 _aGodley, A. D.
_q(Alfred Denis),
_d1856-1925
245 1 0 _aAspects of Modern Oxford
_h[electronic resource] /
_cA. D. Godley
260 _bProject Gutenberg,
_c2012
506 _aPublic domain in the USA.
516 _aElectronic text
700 1 _aCrawford, \T. \H.
700 1 _aLorimer, \J. \H.
700 1 _aSpeed, Lancelot,
_d1860-1931
700 1 _aStamp, \E.
830 0 _aProject Gutenberg
_v39525
856 4 0 _uhttp://www.gutenberg.org/ebooks/39525
942 _cEB
999 _c268778
_d268778